Quiz mathématique rapide, juste un petit quiz 7 - Statistiques

Statistiques générales
  • Ce quiz a été pris 144 fois
  • Le résultat moyen est 16 sur 20
Statistiques - réponses
Hint Réponse % Correct
22 + 22 = 44
100%
22 : 22 = 1
98%
122 - 24 98
95%
96 : 6 = 16
90%
75 - 49 = 26
90%
49 + 113 = 162
88%
115 x 3 = 345
88%
119 x 3 = 357
79%
231 + 135 = 366
78%
99 + 176 = 275
76%
57 x 5 = 285
75%
127 - 79 = 48
75%
137 - 59 = 78
72%
257 - 139 = 118
71%
78 x 5 = 390
71%
231 - 135 = 96
71%
625 : 5 = 125
65%
22 x 22 = 484
60%
25 x 25 = 625
59%
17 x 17 = 289
52%
Aucun quiz correspondant
Distribution des résultats
% des personnes avec chaque résultat
Percentile par nombre de réponses
Votre historique - résultats
Vous n’avez pas pris ce quiz